1102-埼玉新都市交通の駅 - Statistics

General Stats
  • This quiz has been taken 180 times
    179 since last reset
  • The average score is 9 of 13
Answer Stats
伊奈線 % Correct
大宮
100%
鉄道博物館
97%
内宿
87%
伊奈中央
86%
東宮原
76%
丸山
75%
羽貫
65%
加茂宮
64%
原市
61%
今羽
60%
吉野原
54%
沼南
54%
志久
52%
No matching quizzes found
Score Distribution
Percent of People with Each Score
Percentile by Number Answered
Your Score History
You have not taken this quiz since the last reset